000 00400nam a2200145 i 4500
001 85492
003 ES-MaACL
007 t|
008 041129m19601961sp ||||1| spa d
100 1 _aJuberias, Francisco.
_967175
245 1 0 _aEspiritualidad cordimariana /
_cFrancisco Juberias.
260 _aMadrid :
_bCoculsa,
_c1960-1961.
300 _a2 v. ;
_c22 cm.
852 _aES-MaACL
_jE-5113-4
_bR.47812
999 _c85492
_d85492